000 00543nam a2200157 i 4500
001 180846
003 ES-MaACL
005 20230906221208.0
008 120719s1903 sp |||| | spa d
100 1 _aPallarés Arcas, José.
_9151060
245 1 0 _aVegetaciones adenoideas
_b: memoria del doctorado /
_cpor José Pallarés Arcas.
260 _aLorca :
_b[s.n.],
_c1903 (
_fImpr. de la Región de Levante)
300 _a111 p., 2 h. ;
_c21 cm.
594 _aPrecede al tít.: Facultad de Medicina de Madrid.
852 _aES-MaACL
_jT-1049-F-8
999 _c180846
_d180846